000 00532nam a22001817a 4500
999 _c167884
_d167884
005 20190923110540.0
010 _aENG-126506
020 _c775.00
_a9788192557551
035 _aEN-110038
037 _bDBAD/PUB
082 _a658.403
100 _aKanojia, Neha
245 _aLeading Digital /
_cNeha Kanojia
260 _aNew Delhi
_bAryan Prakashan
_c2018
270 _bNew Delhi
_a3rd Floor, H-1 /48, Bengali colony mahaveer Enclave
_e110045
300 _av200p
_c20cm(pbk)
942 _2ddc
_cEN
_h658.403
_mKAN